00230nam a2200109Ia 4500100001000000654001700010245001700027260003900044082001700083300000800100546001200108 aBHEL  atransformers aTransformers bTata Mc Graw hillaNew Delhic1987 a621.314bBHE a460 aENGLISH